<?xml version="1.0" encoding="UTF-8"?>
<marc:record xmlns:marc="http://www.loc.gov/MARC21/slim">
   <marc:leader>00000nam a2200000 a 4500</marc:leader>
   <marc:datafield ind1="1" ind2=" " tag="100">
      <marc:subfield code="a">Risbridger, Ella</marc:subfield>
      <marc:subfield code="4">aut</marc:subfield>
      <marc:subfield code="e">Verfasser/-in</marc:subfield>
   </marc:datafield>
   <marc:datafield ind1=" " ind2=" " tag="653">
      <marc:subfield code="a">Kochbuch</marc:subfield>
   </marc:datafield>
   <marc:datafield ind1="0" ind2="0" tag="245">
      <marc:subfield code="a">Die Geschichte beginnt mit einem Huhn</marc:subfield>
   </marc:datafield>
   <marc:datafield ind1="0" ind2="0" tag="245">
      <marc:subfield code="b">Rezepte, für die es sich zu leben lohnt</marc:subfield>
   </marc:datafield>
   <marc:datafield ind1="0" ind2="0" tag="245">
      <marc:subfield code="c">Risbridger, Ella</marc:subfield>
   </marc:datafield>
   <marc:datafield ind1=" " ind2="1" tag="264">
      <marc:subfield code="a">München</marc:subfield>
      <marc:subfield code="b">Callwey</marc:subfield>
      <marc:subfield code="c">2020</marc:subfield>
   </marc:datafield>
   <marc:datafield ind1=" " ind2=" " tag="250">
      <marc:subfield code="a">1. Auflage</marc:subfield>
   </marc:datafield>
   <marc:datafield ind1="1" ind2=" " tag="520">
      <marc:subfield code="a">Ella Risbridger weiß, wovon sie schreibt: Es gab eine Zeit,&#xD;
in der für sie die Welt überwältigend schien. Die Geräusche waren zu&#xD;
 laut, die Farben zu hell, alle bewegten sich zu schnell. Eines Nachts lag &#xD;
sie auf ihrem Küchenboden und fragte sich, ob sie jemals wieder aufstehen&#xD;
 würde. Es war der Gedanke an ein Huhn, es zu braten und zu essen,&#xD;
 welcher sie wieder auf die Beine brachte und das Leben lebenswert &#xD;
machte. &#xD;
&#xD;
Aus dieser Situation heraus ist Die Geschichte beginnt mit einem Huhn &#xD;
entstanden: Es finden sich Rezepte, wie z.B. geröstete Knoblauch-Tomaten-&#xD;
Suppe, frische Chili-Zitronen-Spaghetti, u.v.m., auf eine ganz &#xD;
persönliche Weise beschrieben, als koche man mit der besten Freundin. &#xD;
Die Art des Kochens, die ein bisschen betrunken machen kann.&#xD;
&#xD;
Wenn man sich jedoch niederlässt und es mit einer Tasse Tee (oder &#xD;
einem &#xD;
Glas Wein) liest, wird man feststellen, dass es sich um eine &#xD;
liebevoll&#xD;
ausgewählte Liste von Dingen handelt – ein Manifest von&#xD;
 Momenten,&#xD;
 für die es sich zu leben lohnt!</marc:subfield>
   </marc:datafield>
   <marc:datafield ind1=" " ind2=" " tag="020">
      <marc:subfield code="a">9783766724878</marc:subfield>
      <marc:subfield code="9">9783766724878</marc:subfield>
   </marc:datafield>
   <marc:datafield ind1=" " ind2=" " tag="020">
      <marc:subfield code="a">3766724878</marc:subfield>
      <marc:subfield code="9">3766724878</marc:subfield>
   </marc:datafield>
   <marc:datafield ind1=" " ind2=" " tag="041">
      <marc:subfield code="a">ger</marc:subfield>
   </marc:datafield>
   <marc:datafield ind1=" " ind2=" " tag="300">
      <marc:subfield code="b">Illustrationen</marc:subfield>
   </marc:datafield>
   <marc:datafield ind1=" " ind2=" " tag="338">
      <marc:subfield code="a">Band</marc:subfield>
   </marc:datafield>
   <marc:datafield ind1=" " ind2=" " tag="300">
      <marc:subfield code="a">287 Seiten</marc:subfield>
   </marc:datafield>
</marc:record>
